000 00850nam a2200253Ia 4500
003 GCL
008 140319s9999 xx 000 0 ara d
040 _aGCL /
_cGCL
082 0 4 _a792.9
_bم ه
100 1 _aالمحروسة للنشروالخدمات الصحفية
245 1 0 _aالهناجر /
_cالمحروسة للنشروالخدمات الصحفية
300 _aمتعدد
490 _aالهيئة العامة للاستعلامات
_v0
650 0 4 _aالاخراج المسرحى
650 0 4 _aالمسرحيات
650 0 4 _aالفنون
650 0 4 _aالتمثيل فى المسرح
650 0 4 _aالممثلون والممثلات
650 0 4 _aالمسرح التجريبى
650 0 4 _aالمسرح القومى
650 0 4 _aالمسرح - تاريخ ونقد
650 0 4 _aالهناجر
942 _2ddc
_cBK
999 _c50559
_d50559